000 01164nam a2200325 i 4500
005 20220317001553.0
007 ta
008 210802s20162020ck a br 000 fdspa d
020 _a9789589002216
040 _aCO-BoRNBP
_bspa
_erda
_cCO-BoRNBP
041 0 _aspa
043 _as-ck---
084 _aN BER1
100 1 _aBernal Pinilla, Luis Darío,
_d1950-
_eautor
245 1 0 _aCatalino Bocachica
_cLuis Darío Bernal Pinilla ; ilustraciones Nicolás Lozano
250 _aPrimera edición
_bCuarta reimpresión
264 1 _aBogotá
_bLoqueleo
_c2016
_c2020
300 _a86 páginas
_bilustraciones
_c20 cm
336 _atexto
_btxt
_2rdacontent
337 _asin mediación
_bn
_2rdamedia
338 _avolumen
_bnc
_2rdacarrier
490 _aNarrativa 10+
521 _aRecomendado para un público infantil mayor de 9 años
545 _a Incluye datos biográficos del autor e ilustrador al final del texto
650 1 7 _aNovela infantil colombiana
_ySiglo XX
_2ARMARC
650 1 7 _aLiteratura infantil colombiana
_ySiglo XX
_2ARMARC
650 1 7 _aNiños
_vNovela infantil
_2ARMARC
700 1 _aLozano, Nicolás
_eilustrador
_9177877
942 _2loc
_cBKLIT
999 _c7404
_d7404